| 000 | 00840nac a22002411u 4500 | ||
|---|---|---|---|
| 010 | _a 76050145 | ||
| 020 | _a0721612148 | ||
| 082 | 0 | 0 |
_a616.692 _bAm32 |
| 090 |
_c3559 _d3559 |
||
| 100 | _aAmelar, Richard D. | ||
| 245 | 1 | 0 |
_aMale infertility / _cRichard D. Amelar, Lawrence Dubin, Patrick C. Walsh. |
| 260 |
_aPhiladelphia : _bSaunders, _c1977. |
||
| 300 |
_axiv, 258 p. : _bill. ; _c25 cm. |
||
| 500 | _aDonations. | ||
| 500 | _aDonations - Bibliotheca Alexandrina. | ||
| 504 | _aIncludes bibliographies and index. | ||
| 650 | 0 | _aInfertility, Male. | |
| 650 | 0 | _aSterility, Male. | |
| 700 | 1 | _aDubin, Lawrence, | |
| 700 | 1 |
_aWalsh, Patrick C., _d1938- |
|
| 942 |
_cBB _k616.692Am32 |
||
| 999 |
_c3559 _d3559 |
||